রঙ তুলিতে ছোপছাপ / (Record no. 13766)
[ view plain ]
| 000 -LEADER | |
|---|---|
| fixed length control field | 00645nam a2200217 a 4500 |
| 001 - CONTROL NUMBER | |
| JCCL Control Number | 13766 |
| 003 - CONTROL NUMBER IDENTIFIER | |
| JCCL marc code | BD-JhCC |
| 005 - DATE AND TIME OF LATEST TRANSACTION | |
| control field | 20240321115539.0 |
| 008 - FIXED-LENGTH DATA ELEMENTS--GENERAL INFORMATION | |
| fixed length control field | 240321b 2018b a|||| ||a| 000 0 b d |
| 020 ## - INTERNATIONAL STANDARD BOOK NUMBER | |
| International Standard Book Number | 9789843436504 |
| 035 ## - SYSTEM CONTROL NUMBER | |
| system control number | (BD-JhCC)13766 |
| 040 ## - CATALOGING SOURCE | |
| Original cataloging agency | BD-JhCC |
| Modifying agency | BD-JhCC |
| 041 ## - LANGUAGE CODE | |
| Language code of Book | ben |
| 082 ## - DEWEY DECIMAL CLASSIFICATION NUMBER | |
| Classification number | 750.225 |
| Author mark and Year | HAZ 2018 |
| 100 ## - MAIN ENTRY--PERSONAL NAME | |
| Personal name | হাজরা, সব্যসাচী |
| 245 ## - TITLE STATEMENT | |
| Title | রঙ তুলিতে ছোপছাপ / |
| Remainder of title | সব্যসাচী হাজরা |
| 300 ## - PHYSICAL DESCRIPTION | |
| Pagination | 156 p. : |
| Other physical details | ill |
| Dimensions | 20 cm. |
| 650 ## - SUBJECT ADDED ENTRY--TOPICAL TERM | |
| Topical term or geographic name as entry element | অংকন, রম্য রচনা ও কৌতুক |
| 942 ## - ADDED ENTRY ELEMENTS (KOHA) | |
| Source of classification or shelving scheme | Dewey Decimal Classification |
| Koha item type | Books |
| Source of classification or shelving scheme | Damaged status | Not for loan | Home library | Current library | Shelving location | Date of accession | Cost, normal purchase price | Total Checkouts | Full call number | Barcode | Date last seen | Copy number | Method of acquisition | Koha item type | Currency |
|---|---|---|---|---|---|---|---|---|---|---|---|---|---|---|---|
| Dewey Decimal Classification | JCC Rouf Library | JCC Rouf Library | General Stacks | 500.00 | 750.225 HAZ 2018 | 19091 | 03/21/2024 | C-1 | Purchase | Books | BDT | ||||
| Dewey Decimal Classification | JCC Rouf Library | JCC Rouf Library | General Stacks | 500.00 | 750.225 HAZ 2018 | 19090 | 03/21/2024 | C-1 | Purchase | Books | BDT |